000
00245nam a22000857a 4500
008
161125b xxu||||| |||| 00| 0 eng d
100
_9
1436
_a
Young Learners
245
_a
The Emperors new clothes
260
_a
New Delhi
_b
Young Learners Publication
_c
2011
999
_c
4159
_d
4159